000 00856nam a2200205Ii 4500
003 JO-AjNU
008 230605s9999||||xx |||||||||||||| ||und||
040 _aJO-AjNU
_bara
_erda
_cJO-AjNU
041 _aara
050 1 4 _aBP152.A9296 1983
100 3 _aالأعظمي، وليد,
_eauthor
_918196
245 0 0 _aمدرسة الإمام أبي حنيفه: تاريخها وتراجم شيوخها ومدرسيها 459هجري-1400 هجري/1067-1980 م
264 3 1 _aد.م: وزارة الاوقاف والشئون والمقدسات الاسلامية، 1983
300 _a228ص
336 _atext
_btxt
_2rdacontent
337 _aunmediated
_bn
_2rdamedia
338 _avolume
_bnc
_2rdacarrier
490 0 _aاحياء التراث الاسلامي، سلسلة الكتب الحديثة 38
650 4 _aالفقهاء الاحناف - تراجم
_918197
999 _aA5773
_c9341
_d9341